[Event "Heusenstamm Sparkassen op-A 6th"]
[Site "Heusenstamm"]
[Date "2019.11.24"]
[Round "6"]
[White "Albert, Ingo"]
[Black "Krischak, Werner"]
[Result "0-1"]
[WhiteElo "1840"]
[BlackElo "1684"]
[PlyCount "116"]
[EventDate "2019.11.21"]
[EventType "swiss"]
[EventRounds "7"]
[EventCountry "GER"]
[SourceTitle "CBM 194 Extra"]
[Source "ChessBase"]
[SourceDate "2020.03.31"]
[SourceVersion "1"]
[SourceVersionDate "2020.03.31"]
[SourceQuality "1"]

1. d4 d5 2. Nc3 Nf6 3. Bf4 e6 4. e3 Be7 5. Bd3 0-0 6. h4 c5 7. Nb5 Nc6 8. c3 Bd7 9. a4 a6 10. Na3 c4 11. Bc2 Rc8 12. h5 Na5 13. Nb1 b5 14. Nd2 b4 15. Ngf3 b3 16. Bb1 Nb7 17. Ne5 Be8 18. Qf3 Nd7 19. Nexc4 dxc4 20. Qxb7 e5 21. Bxe5 Nxe5 22. dxe5 Bc6 23. Qxa6 Bxg2 24. Rg1 Qd5 25. e4 Qxe5 26. Rxg2 Qxh5 27. Nf1 Rcd8 28. Ne3 Rd6 29. Qb5 Qh1+ 30. Ke2 Qc1 31. e5 Rd2+ 32. Kf3 Qxb2 33. Nxc4 Qxc3+ 34. Ne3 Qxa1 35. Be4 Qc3 36. a5 Ra2 37. a6 Ra5 38. Qb7 b2 39. Qxe7 Rxe5 40. Qf6 g6 41. Rg1 Rfe8 42. Qc6 Qa3 43. Bd5 Rxe3+ 44. fxe3 Qxe3+ 45. Kg2 Qxg1+ 46. Kxg1 b1Q+ 47. Kf2 Qe1+ 48. Kf3 Qf1+ 49. Kg3 Qg1+ 50. Bg2 Qe3+ 51. Bf3 Qg1+ 52. Bg2 Re3+ 53. Kf4 Qf2+ 54. Bf3 g5+ 55. Kg4 f5+ 56. Kxg5 Qg3+ 57. Kh6 Qg7+ 58. Kh5 Qg6+ 0-1

[Event "Hofheim Spring op-B 7th"]
[Site "Hofheim"]
[Date "2019.04.27"]
[Round "8"]
[White "Krischak, Werner"]
[Black "Launert, Martin"]
[Result "1-0"]
[WhiteElo "1775"]
[BlackElo "1830"]
[PlyCount "53"]
[EventDate "2019.04.23"]
[EventType "swiss"]
[EventRounds "9"]
[EventCountry "GER"]
[SourceTitle "CBM 190 Extra"]
[Source "ChessBase"]
[SourceDate "2019.07.15"]
[SourceVersion "1"]
[SourceVersionDate "2019.07.15"]
[SourceQuality "1"]

1. d4 d5 2. c4 dxc4 3. e3 Nf6 4. Bxc4 e6 5. Nc3 c5 6. Nf3 a6 7. 0-0 b5 8. Bd3 c4 9. Bc2 Bb7 10. Qe2 Be7 11. a3 0-0 12. b3 cxb3 13. Bxb3 Nbd7 14. Rd1 Qc7 15. Bb2 Rac8 16. Rac1 Qb8 17. Ne5 Nxe5 18. dxe5 Qxe5 19. Nd5 Qg5 20. Nxe7+ Kh8 21. f4 Qh4 22. Rxc8 Bxc8 23. g3 Qh6 24. Nxc8 Rxc8 25. e4 g5 26. Qf2 g4 27. Qd4 1-0

[Event "Hofheim Spring op-B 7th"]
[Site "Hofheim"]
[Date "2019.04.27"]
[Round "9"]
[White "Waligora, Franciszek"]
[Black "Krischak, Werner"]
[Result "1/2-1/2"]
[WhiteElo "1694"]
[BlackElo "1775"]
[PlyCount "114"]
[EventDate "2019.04.23"]
[EventType "swiss"]
[EventRounds "9"]
[EventCountry "GER"]
[SourceTitle "CBM 190 Extra"]
[Source "ChessBase"]
[SourceDate "2019.07.15"]
[SourceVersion "1"]
[SourceVersionDate "2019.07.15"]
[SourceQuality "1"]

1. e4 c6 2. d4 d5 3. exd5 cxd5 4. c4 Nf6 5. Nc3 e6 6. c5 Be7 7. Nf3 0-0 8. Bg5 h6 9. Bf4 Bd7 10. Bd3 Nh5 11. Be3 Qc7 12. Ne5 Nf6 13. Bf4 Qd8 14. 0-0 Nc6 15. Nxc6 Bxc6 16. Re1 Qd7 17. b4 b5 18. a4 a6 19. Qe2 Ne4 20. Nxe4 dxe4 21. Bxe4 bxa4 22. d5 exd5 23. Rad1 Qb7 24. Bxd5 Bxd5 25. Qxe7 Qxb4 26. Rxd5 Qxf4 27. c6 Rac8 28. Rd7 Kh7 29. g3 Qc4 30. c7 a5 31. Rd8 Qb4 32. Rxf8 Rxf8 33. Qxb4 axb4 34. Re4 Rc8 35. Rxb4 Rxc7 36. Rxa4 h5 37. Kg2 g6 38. h3 Rc3 39. g4 hxg4 40. hxg4 Kh6 41. Ra5 f6 42. f3 g5 43. Rf5 Kg6 44. Rb5 Rc2+ 45. Kg3 Rc8 46. Rb1 Ra8 47. Rb3 Rc8 48. f4 gxf4+ 49. Kxf4 Rc4+ 50. Kg3 f5 51. gxf5+ Kxf5 52. Rb5+ Ke6 53. Rb6+ Kd5 54. Rb5+ Kd6 55. Rb6+ Kd5 56. Rb5+ Kd6 57. Rb6+ Kd5 1/2-1/2

[Event "Heusenstamm Sparkassen op-A 5th"]
[Site "Heusenstamm"]
[Date "2018.11.23"]
[Round "3"]
[White "Krischak, Werner"]
[Black "Mischke, Gabriel"]
[Result "0-1"]
[WhiteElo "1768"]
[BlackElo "2036"]
[PlyCount "66"]
[EventDate "2018.11.22"]
[EventType "swiss"]
[EventRounds "7"]
[EventCountry "GER"]
[SourceTitle "CBM 188 Extra"]
[Source "ChessBase"]
[SourceDate "2019.02.26"]
[SourceVersion "1"]
[SourceVersionDate "2019.02.26"]
[SourceQuality "1"]

1. d4 d5 2. c4 c6 3. Nf3 Nf6 4. Nc3 e6 5. e3 Nbd7 6. Bd3 dxc4 7. Bxc4 b5 8. Bd3 Bb7 9. Bd2 a6 10. a4 b4 11. Ne2 c5 12. Ng3 cxd4 13. exd4 Be7 14. 0-0 0-0 15. a5 Nb8 16. Qe2 Nc6 17. Bc4 Nxa5 18. b3 Nxc4 19. bxc4 Bxf3 20. gxf3 Qxd4 21. Rfd1 Qb6 22. Be3 Qb7 23. Ra5 Bd8 24. Ra4 a5 25. Bd4 Qc6 26. Rda1 Rc8 27. c5 Nd5 28. Nh5 f6 29. Qe4 Ne7 30. Qg4 Ng6 31. Re1 f5 32. Qg2 Qxa4 33. Nxg7 Bf6 0-1

[Event "Wiesbaden op 30th"]
[Site "Wiesbaden"]
[Date "2018.08.24"]
[Round "3"]
[White "Krischak, Werner"]
[Black "Schmitt, Carsten1111"]
[Result "1/2-1/2"]
[WhiteElo "1730"]
[BlackElo "1992"]
[PlyCount "70"]
[EventDate "2018.08.23"]
[EventType "swiss"]
[EventRounds "7"]
[EventCountry "GER"]
[SourceTitle "CBM 186 Extra"]
[Source "ChessBase"]
[SourceDate "2018.08.24"]
[SourceVersion "1"]
[SourceVersionDate "2018.08.24"]
[SourceQuality "1"]

1. d4 d5 2. c4 e6 3. Nc3 c5 4. cxd5 exd5 5. Nf3 Nc6 6. e3 Nf6 7. Be2 c4 8. 0-0 Bb4 9. Ne5 Bxc3 10. Nxc6 bxc6 11. bxc3 Ne4 12. Bb2 Qa5 13. Qc1 0-0 14. f3 Nf6 15. Ba3 Re8 16. e4 Be6 17. e5 Nd7 18. Bb4 Qc7 19. f4 c5 20. Ba3 Bf5 21. Bf3 cxd4 22. Bxd5 Rad8 23. cxd4 Nb6 24. Bd6 Rxd6 25. exd6 Qxd6 26. Bf3 Qxd4+ 27. Kh1 Rc8 28. a4 a5 29. Rd1 Qc5 30. Qc3 Bd7 31. Qc2 g6 32. Re1 Qb4 33. Reb1 Qc5 34. Re1 Qb4 35. Reb1 Qc5 1/2-1/2

[Event "Frankfurt-chA"]
[Site "Frankfurt"]
[Date "2018.06.04"]
[Round "5"]
[White "Krischak, Werner"]
[Black "Muthig, Holger"]
[Result "1-0"]
[WhiteElo "1649"]
[BlackElo "1512"]
[PlyCount "69"]
[EventDate "2018.04.30"]
[EventType "swiss"]
[EventRounds "7"]
[EventCountry "GER"]
[SourceTitle "EXT 2019"]
[Source "ChessBase"]
[SourceDate "2018.10.10"]
[SourceVersion "1"]
[SourceVersionDate "2018.10.10"]
[SourceQuality "1"]

1. d4 c6 2. Nf3 d5 3. c4 Nf6 4. Nc3 g6 5. e3 Bg7 6. Bd3 0-0 7. 0-0 Bg4 8. h3 Bxf3 9. Qxf3 e6 10. b3 Nbd7 11. Bb2 Re8 12. Rac1 dxc4 13. bxc4 Qc7 14. e4 e5 15. d5 Rad8 16. Ba3 Qa5 17. Bb2 Nc5 18. Rfd1 cxd5 19. cxd5 Nxd3 20. Qxd3 a6 21. a4 Nd7 22. Ba3 b5 23. Rb1 bxa4 24. Bb4 Qc7 25. Nxa4 a5 26. Rdc1 Qa7 27. Bd2 Bf8 28. Be3 Qa8 29. Rc7 Bb4 30. Qb5 Qb8 31. Rb7 Qd6 32. Rc1 Nb8 33. Rcc7 Rf8 34. Bh6 Rc8 35. Bxf8 1-0

[Event "Wiesbaden op 29th"]
[Site "Wiesbaden"]
[Date "2017.08.26"]
[Round "5"]
[White "Launert, Martin"]
[Black "Krischak, Werner"]
[Result "1-0"]
[WhiteElo "1894"]
[BlackElo "1761"]
[PlyCount "103"]
[EventDate "2017.08.24"]
[EventType "swiss"]
[EventRounds "7"]
[EventCountry "GER"]
[SourceTitle "CBM 180 Extra"]
[Source "ChessBase"]
[SourceDate "2017.10.06"]
[SourceVersion "1"]
[SourceVersionDate "2017.10.06"]
[SourceQuality "1"]

1. e4 c6 2. d4 d5 3. Nc3 dxe4 4. Nxe4 Bf5 5. Ng3 Bg6 6. h4 h6 7. h5 Bh7 8. Nf3 Nd7 9. Bd3 Bxd3 10. Qxd3 e6 11. Bd2 Ngf6 12. 0-0-0 Qc7 13. Kb1 0-0-0 14. Qb3 Bd6 15. Ne2 Rhe8 16. Qa4 Kb8 17. Ba5 b6 18. Bd2 b5 19. Qb3 Nb6 20. Ba5 Nfd5 21. Nc3 Qb7 22. Ne4 Qa6 23. Nxd6 Rxd6 24. Bxb6 axb6 25. Ne5 Re7 26. Nd3 Ra7 27. a3 Rdd7 28. Ne5 Rdc7 29. c4 bxc4 30. Nxc4 Qa4 31. Qxa4 Rxa4 32. b3 Ra8 33. Kb2 b5 34. Ne5 f6 35. Nd3 Rca7 36. Ra1 Kc7 37. Rhe1 Kd6 38. f4 Rb8 39. g3 Rab7 40. Nc5 Re7 41. Rac1 Rbe8 42. Rc2 Nb6 43. Ne4+ Kd7 44. Rce2 Nd5 45. Nc3 Nxc3 46. Kxc3 Ra8 47. f5 Rxa3 48. Kb4 Ra8 49. Rxe6 Rae8 50. Kc5 Rxe6 51. Rxe6 Rb8 52. Rd6+ 1-0

[Event "Wiesbaden op 29th"]
[Site "Wiesbaden"]
[Date "2017.08.25"]
[Round "2"]
[White "Goodwin, David"]
[Black "Krischak, Werner"]
[Result "1/2-1/2"]
[WhiteElo "1518"]
[BlackElo "1761"]
[PlyCount "29"]
[EventDate "2017.08.24"]
[EventType "swiss"]
[EventRounds "7"]
[EventCountry "GER"]
[SourceTitle "CBM 180 Extra"]
[Source "ChessBase"]
[SourceDate "2017.10.06"]
[SourceVersion "1"]
[SourceVersionDate "2017.10.06"]
[SourceQuality "1"]

1. Nf3 d5 2. g3 c6 3. Bg2 Nf6 4. d3 Bg4 5. Nbd2 e6 6. a3 Nbd7 7. 0-0 Bd6 8. c4 0-0 9. b4 a5 10. c5 Bc7 11. Bb2 e5 12. Re1 Re8 13. Qc2 Qe7 14. e4 d4 15. h3 1/2-1/2

[Event "Frankfurt-chA"]
[Site "Frankfurt"]
[Date "2017.04.24"]
[Round "1"]
[White "Chandler, Patrick"]
[Black "Krischak, Werner"]
[Result "1-0"]
[WhiteElo "2121"]
[BlackElo "1719"]
[PlyCount "29"]
[EventDate "2017.04.24"]
[EventType "swiss"]
[EventRounds "7"]
[EventCountry "GER"]
[SourceTitle "EXT 2018"]
[Source "ChessBase"]
[SourceDate "2017.10.13"]
[SourceVersion "1"]
[SourceVersionDate "2017.10.13"]
[SourceQuality "1"]

1. e4 c6 2. d4 d5 3. e5 Bf5 4. g4 Bd7 5. c3 Qc7 6. Be3 c5 7. Bg2 e6 8. Nd2 Nc6 9. Ne2 cxd4 10. cxd4 Nb4 11. 0-0 Nd3 12. Qb3 Qb6 13. Rab1 Bb5 14. Nc3 a6 15. a4 1-0

[Event "Rhein Main op-A 19th"]
[Site "Bad Homburg"]
[Date "2016.05.26"]
[Round "2"]
[White "Jicman, Ligia Letitia"]
[Black "Krischak, Werner"]
[Result "1-0"]
[WhiteElo "2146"]
[BlackElo "1762"]
[PlyCount "75"]
[EventDate "2016.05.25"]
[EventType "swiss"]
[EventRounds "7"]
[EventCountry "GER"]
[SourceTitle "EXT 2017"]
[Source "ChessBase"]
[SourceDate "2016.10.25"]
[SourceVersion "1"]
[SourceVersionDate "2016.10.25"]
[SourceQuality "1"]

1. e4 c6 2. d4 d5 3. exd5 cxd5 4. c4 Nf6 5. Nc3 e6 6. Nf3 Bb4 7. cxd5 Nxd5 8. Bd2 Nc6 9. Bc4 0-0 10. 0-0 Be7 11. Ne4 h6 12. Rc1 Nf6 13. Nxf6+ Bxf6 14. Bc3 Re8 15. Qb3 Ne7 16. Rfe1 Bd7 17. d5 exd5 18. Bb5 Bxc3 19. Rxc3 Rc8 20. Ne5 Rxc3 21. bxc3 Bc6 22. Bd3 Ng6 23. Bxg6 fxg6 24. Qd1 Qg5 25. Qd4 a6 26. Re3 Qf5 27. h3 g5 28. Nxc6 Qb1+ 29. Kh2 Rxe3 30. Qxd5+ Kh7 31. fxe3 bxc6 32. Qxc6 Qxa2 33. Qe4+ Kh8 34. c4 Qa5 35. Qe7 Qb6 36. c5 Qb8+ 37. Qd6 Qc8 38. c6 1-0

[Event "Wiesbaden op 27th"]
[Site "Wiesbaden"]
[Date "2015.08.28"]
[Round "3"]
[White "Krischak, Werner"]
[Black "Deutsch, Oliver"]
[Result "1-0"]
[WhiteElo "1796"]
[BlackElo "1124"]
[PlyCount "35"]
[EventDate "2015.08.27"]
[EventType "swiss"]
[EventRounds "7"]
[EventCountry "GER"]
[SourceTitle "EXT 2016"]
[Source "ChessBase"]
[SourceDate "2015.10.08"]
[SourceVersion "1"]
[SourceVersionDate "2015.10.08"]
[SourceQuality "1"]

1. d4 d5 2. c4 c6 3. Nf3 Nf6 4. Nc3 e6 5. e3 Bd6 6. Bd3 Nbd7 7. 0-0 dxc4 8. Bxc4 b5 9. Bd3 a6 10. Bd2 0-0 11. a3 e5 12. e4 exd4 13. Nxd4 Ne5 14. Be2 Qd7 15. Nf5 Rd8 16. Nxd6 Qxd6 17. Bg5 Qd2 18. Bxd2 1-0

[Event "Rhein Main op-A 18th"]
[Site "Bad Homburg"]
[Date "2015.06.04"]
[Round "2"]
[White "Oezdemir, Ali Oezden"]
[Black "Krischak, Werner"]
[Result "1/2-1/2"]
[WhiteElo "1983"]
[BlackElo "1771"]
[PlyCount "85"]
[EventDate "2015.06.03"]
[EventType "swiss"]
[EventRounds "7"]
[EventCountry "GER"]
[SourceTitle "CBM 167 Extra"]
[Source "ChessBase"]
[SourceDate "2015.09.14"]
[SourceVersion "1"]
[SourceVersionDate "2015.09.14"]
[SourceQuality "1"]

1. e4 c6 2. d4 d5 3. e5 Bf5 4. Be3 Qc7 5. Nf3 e6 6. Nh4 Ne7 7. Nd2 c5 8. c3 c4 9. Be2 Nbc6 10. 0-0 h6 11. f4 Bh7 12. b3 cxb3 13. axb3 Nf5 14. Nxf5 Bxf5 15. b4 Be7 16. Nb3 b6 17. Ra2 0-0 18. b5 Na5 19. Nxa5 bxa5 20. Qa1 Bd8 21. Rc1 Qd7 22. c4 dxc4 23. Bxc4 Bb6 24. Rd1 Rfd8 25. Bf2 Rac8 26. Be2 Bc2 27. Rd2 Bb3 28. Rab2 a4 29. Qf1 Ba5 30. Rd3 Bc3 31. Rb1 Bc2 32. Rbd1 Bxd3 33. Rxd3 Bb2 34. Rd1 a3 35. Bc4 Qc7 36. Ba2 Qc2 37. Rd3 Qxd3 38. Qxd3 Rc1+ 39. Be1 Bxd4+ 40. Kf1 Rxe1+ 41. Kxe1 Bf2+ 42. Ke2 Rxd3 43. Kxd3 1/2-1/2